Réveil des oiseaux pour piano solo et orchestre partition d'orchestre

Saved in:
Bibliografiske detaljer
Hovedforfatter: Messiaen, Olivier (autor)
Format: Bog
Sprog:fransk
Udgivet: París Durand 1953
Fag:
Tags: Tilføj Tag
Ingen Tags, Vær først til at tagge denne postø!

MARC

LEADER 00000nam a2200000 a 4500
001 UCO4658
003 CL-VaPUC
005 20231102081340.0
008 000811e19530000FR |||||||||||||||||fre|d
999 |c 290676  |d 290674 
040 |c Pontificia Universidad Católica de Valparaíso 
082 0 4 |a Or786.2 MES 1953  |2 21 
100 |a Messiaen, Olivier  |e autor  |9 449290 
245 1 0 |a Réveil des oiseaux pour piano solo et orchestre partition d'orchestre 
260 |a París  |b Durand  |c 1953 
300 |a 61 p 
583 |a last modification  |c 20000811 00:00:00  |k Rodrigo Vera 
650 0 |a Música para piano  |9 306528 
650 0 |a Música orquestal  |9 306546 
650 0 |a Partituras  |9 324008 
942 |c BK  |2 ddc 
945 |d 20000811 00:00:00  |a rbrito 
952 |0 0  |1 0  |2 ddc  |4 0  |6 OR_786_200000000000000_MES_1953  |7 0  |8 A  |9 340210  |a BIBEDU  |b BIBEDU  |d 2019-11-20  |i 3640698  |o Or786.2 MES 1953  |p 3640698  |r 2023-11-22  |w 2019-11-20  |y BK  |k MUS